000 00339nam a22001337a 4500
999 _c529021
_d529021
003 NUST
038 _aMSOHAIL
082 _a923.15
100 _aمحمدعنایتﷲ ; Muhammad Inayat Ullah
_920887
245 _aآمیرتیمور " Ameer Taimur"
260 _aJhelum
_bBook Corner Showroom
300 _a416,p;
_c23cm
942 _2ddc
_cBK